00000000nam##2200000za#4500
0019.601896
003CaOODSP
00520230718121442
007cr |||||||||||
008150406|2012||||xxc|||||o    f|0| 0 fre|d
020 |a978-1-100-97821-5
040 |aCaOODSP|bfre
043 |an-cn---
0861 |aEn3-5/24-2011F-PDF
1101 |aCanada. |bMinistère des pêches et des océans.
24510|aPlan de gestion du complexe des sébastes à oeil épineux et à taches noires (Sebastes aleutianus et S. melanostictus) ainsi que du sébastolobe à longues épines (Sebastolobus altivelis) au Canada |h[ressource électronique]
260 |aOttawa - Ontario : |bPêches et Océans Canada |c2012.
300 |a60p.|bfigures, cartes, références, tableaux
4901 |aLoi sur les espèces en péril, série de Plans de gestion
590 |a12-18|b2012-05-04
77508|tManagement plan for the Rougheye/Blackspotted Rockfish complex (Sebastes aleutianus and S. melanostictus) and Longspine Thornyhead (Sebastolobus altivelis) in Canada |w(CaOODSP)9.571280
794 |tRapport sur les progrès de la mise en œuvre du plan de gestion du complexe des sébastes à œil épineux et à taches noires (Sebastes aleutianuset S. melanostictus) ainsi que du sébastolobe à longues épines (Sebastolobus altivelis) au Canada pour la période de 2012 à 2020.|w(CaOODSP)9.916810
830#0|aLoi sur les espèces en péril, série de plans de gestion.|w(CaOODSP)9.501525
85640|ahttp://publications.gc.ca|qPDF|s1579 Ko|uhttps://publications.gc.ca/collections/collection_2012/mpo-dfo/En3-5-24-2011-fra.pdf